000 00991nam0a22002531 4500
001 rc\1183736
005 20250622212547.0
035 _a(NLR Aleph) 006425658
090 _a5495342
_c5495342
100 _a20041129d1980 |||y0rusy50 ca
101 0 _arus
102 _aRU
105 _aa |||||||||
200 1 _aНестационарная модель распространения модулированного электронного пучка в цилиндрическом экране
_fС.Л. Гинзбург, В.Ф. Дьяченко, К.В. Краснобаев, К.В. Ходатаев
210 _aМ.
_cИПМ
_d1980
215 _a24 с.
_cил.
_d20
225 1 _aПрепринт
_fИн-т прикл. математики им. М.В. Келдыша АН СССР
_v№ 75
320 _aБиблиогр.: с. 24
701 1 _aГинзбург
_bС.Л.
801 0 _aRU
_bNLR
_gpsbo
801 1 _aRU
_bELAR
_2rusmarc
852 _aNLR
_j80-4/17967
942 _cBOOK
980 _aNB